[Event "45th FIDE Chess Olympiad Open"]
[Site "Budapest, Hungary"]
[Date "2024.09.22"]
[Round "11"]
[White "Chinguun, Sumiya"]
[Black "Araujo Sanchez, Josue"]
[Result "1-0"]
[Board "149"]
[WhiteFideId "4902572"]
[BlackFideId "6416896"]
[WhiteTitle "FM"]
[BlackTitle "IM"]
[WhiteElo "2389"]
[BlackElo "2296"]
[WhiteTeam "Mongolia"]
[BlackTeam "Dominican Republic"]
[WhiteClock "0:17:46"]
[BlackClock "0:55:39"]
[Variant "Standard"]

1. e4 {[%clk 1:30:58]}  c5 {[%clk 1:30:33]} 2. Nf3 {[%clk 1:31:19]}  Nc6 {[%clk 1:30:53]} 3. d4 {[%clk 1:31:41]}  cxd4 {[%clk 1:31:05]} 4. Nxd4 {[%clk 1:32:07]}  Qc7 {[%clk 1:31:09]} 5. Nc3 {[%clk 1:28:56]}  e6 {[%clk 1:31:30]} 6. a3 {[%clk 1:29:20]}  Nf6 {[%clk 1:31:48]} 7. Be3 {[%clk 1:29:32]}  a6 {[%clk 1:32:00]} 8. f4 {[%clk 1:29:51]}  d6 {[%clk 1:31:25]} 9. Qf3 {[%clk 1:30:17]}  Bd7 {[%clk 1:29:55]} 10. O-O-O {[%clk 1:30:06]}  Rc8 {[%clk 1:27:28]} 11. h3 {[%clk 1:27:30]}  Nxd4 {[%clk 1:26:52]} 12. Bxd4 {[%clk 1:27:42]}  Qa5 {[%clk 1:26:35]} 13. Qe3 {[%clk 1:24:08]}  e5 {[%clk 1:25:31]} 14. Bb6 {[%clk 1:23:49]}  Rxc3 {[%clk 1:23:57]} 15. bxc3 {[%clk 1:23:49]}  Qxa3+ {[%clk 1:22:19]} 16. Kd2 {[%clk 1:23:08]}  Qa4 {[%clk 1:20:30]} 17. Bd3 {[%clk 1:23:13]}  Qc6 {[%clk 1:20:25]} 18. Ba5 {[%clk 1:20:21]}  Be7 {[%clk 1:19:53]} 19. fxe5 {[%clk 1:14:16]}  dxe5 {[%clk 1:20:08]} 20. Bb4 {[%clk 1:14:33]}  Be6 {[%clk 1:19:18]} 21. Bxe7 {[%clk 1:13:22]}  Kxe7 {[%clk 1:19:36]} 22. Rb1 {[%clk 1:12:49]}  Rc8 {[%clk 1:19:38]} 23. Ke2 {[%clk 1:10:05]}  Rc7 {[%clk 1:18:01]} 24. Qb6 {[%clk 1:07:18]}  Qxc3 {[%clk 1:17:27]} 25. Qb4+ {[%clk 1:07:45]}  Qxb4 {[%clk 1:17:41]} 26. Rxb4 {[%clk 1:08:13]}  Ne8 {[%clk 1:17:22]} 27. Rhb1 {[%clk 1:07:51]}  Nd6 {[%clk 1:17:43]} 28. Rb6 {[%clk 1:08:11]}  Bd7 {[%clk 1:17:50]} 29. Kf3 {[%clk 1:02:39]}  Bc6 {[%clk 1:16:25]} 30. g4 {[%clk 1:02:31]}  Nb5 {[%clk 1:16:32]} 31. c4 {[%clk 1:02:31]}  Nd4+ {[%clk 1:16:38]} 32. Ke3 {[%clk 1:02:36]}  Ne6 {[%clk 1:16:24]} 33. Rd1 {[%clk 0:56:32]}  Rd7 {[%clk 1:13:31]} 34. Bc2 {[%clk 0:50:46]}  Rxd1 {[%clk 1:11:52]} 35. Bxd1 {[%clk 0:51:12]}  Kd6 {[%clk 1:12:16]} 36. Be2 {[%clk 0:49:43]}  Kc5 {[%clk 1:11:49]} 37. Rb1 {[%clk 0:50:08]}  Ng5 {[%clk 1:09:49]} 38. Ra1 {[%clk 0:33:32]}  f6 {[%clk 1:07:24]} 39. h4 {[%clk 0:25:48]}  Ne6 {[%clk 1:06:19]} 40. g5 {[%clk 0:21:41]}  fxg5 {[%clk 1:06:33]} 41. Bg4 {[%clk 0:22:02]}  Nd4 {[%clk 1:06:52]} 42. Ra5+ {[%clk 0:22:23]}  Kd6 {[%clk 1:05:34]} 43. hxg5 {[%clk 0:22:22]}  Nb3 {[%clk 1:05:45]} 44. Ra2 {[%clk 0:21:15]}  Nc5 {[%clk 1:06:02]} 45. Bf5 {[%clk 0:20:48]}  g6 {[%clk 1:06:22]} 46. Rh2 {[%clk 0:21:12]}  gxf5 {[%clk 1:03:09]} 47. exf5 {[%clk 0:21:02]}  Ke7 {[%clk 0:59:08]} 48. Rxh7+ {[%clk 0:21:21]}  Kf8 {[%clk 0:59:32]} 49. g6 {[%clk 0:17:48]}  Be8 {[%clk 0:57:46]} 50. Rh8+ {[%clk 0:18:09]}  Ke7 {[%clk 0:58:01]} 51. g7 {[%clk 0:17:14]}  Bf7 {[%clk 0:58:26]} 52. g8=Q {[%clk 0:17:29]}  Bxg8 {[%clk 0:58:48]} 53. Rxg8 {[%clk 0:17:55]}  Kf6 {[%clk 0:56:34]} 54. Rf8+ {[%clk 0:15:50]}  Kg5 {[%clk 0:56:57]} 55. Rc8 {[%clk 0:15:56]}  b6 {[%clk 0:56:37]} 56. Rc6 {[%clk 0:16:01]}  Kxf5 {[%clk 0:56:50]} 57. Rxb6 {[%clk 0:16:26]}  Ne6 {[%clk 0:56:02]} 58. Rxa6 {[%clk 0:16:50]}  Nd4 {[%clk 0:56:19]} 59. c5 {[%clk 0:16:42]}  Nc2+ {[%clk 0:56:37]} 60. Kd2 {[%clk 0:16:59]}  Nd4 {[%clk 0:56:36]} 61. Kc3 {[%clk 0:16:43]}  Ne6 {[%clk 0:56:38]} 62. c6 {[%clk 0:16:45]}  Nc7 {[%clk 0:56:44]} 63. Ra1 {[%clk 0:16:59]}  e4 {[%clk 0:56:08]} 64. Rd1 {[%clk 0:16:00]}  Ke6 {[%clk 0:56:22]} 65. Rd7 {[%clk 0:16:07]}  Nb5+ {[%clk 0:56:38]} 66. Kc4 {[%clk 0:15:23]}  e3 {[%clk 0:55:03]} 67. Kd3 {[%clk 0:15:47]}  Nd6 {[%clk 0:55:13]} 68. Kxe3 {[%clk 0:16:02]}  Nc4+ {[%clk 0:55:04]} 69. Kd4 {[%clk 0:16:27]}  Ne5 {[%clk 0:55:06]} 70. Re7+ {[%clk 0:16:52]}  Kxe7 {[%clk 0:55:30]} 71. Kxe5 {[%clk 0:17:20]}  Ke8 {[%clk 0:55:39]} 72. Ke6 {[%clk 0:17:46]} 1-0

[Event "45th FIDE Chess Olympiad Open"]
[Site "Budapest, Hungary"]
[Date "2024.09.22"]
[Round "11"]
[White "Camacho Campusano, David Daniel"]
[Black "Baasansuren, Erdene"]
[Result "0-1"]
[Board "150"]
[WhiteFideId "6408885"]
[BlackFideId "4902084"]
[WhiteTitle "FM"]
[BlackTitle "FM"]
[WhiteElo "2219"]
[BlackElo "2368"]
[WhiteTeam "Dominican Republic"]
[BlackTeam "Mongolia"]
[WhiteClock "0:36:19"]
[BlackClock "0:29:09"]
[Variant "Standard"]

1. e4 {[%clk 1:30:50]}  c5 {[%clk 1:30:57]} 2. Nf3 {[%clk 1:31:10]}  d6 {[%clk 1:31:21]} 3. c3 {[%clk 1:30:19]}  Nf6 {[%clk 1:31:45]} 4. Be2 {[%clk 1:30:43]}  Nbd7 {[%clk 1:32:04]} 5. Qc2 {[%clk 1:30:59]}  Qc7 {[%clk 1:32:16]} 6. O-O {[%clk 1:30:47]}  b6 {[%clk 1:32:34]} 7. Re1 {[%clk 1:29:43]}  Bb7 {[%clk 1:32:55]} 8. Bb5 {[%clk 1:26:03]}  e6 {[%clk 1:18:49]} 9. c4 {[%clk 1:22:05]}  Be7 {[%clk 1:18:36]} 10. Nc3 {[%clk 1:18:44]}  O-O {[%clk 1:18:30]} 11. Bxd7 {[%clk 1:17:57]}  Nxd7 {[%clk 1:15:47]} 12. d3 {[%clk 1:17:12]}  a6 {[%clk 1:14:21]} 13. a3 {[%clk 1:14:52]}  Bf6 {[%clk 0:55:38]} 14. Bf4 {[%clk 1:11:26]}  h6 {[%clk 0:50:10]} 15. Rab1 {[%clk 1:01:22]}  Rac8 {[%clk 0:48:02]} 16. Qd2 {[%clk 0:54:09]}  Kh7 {[%clk 0:36:20]} 17. h3 {[%clk 0:51:25]}  Ne5 {[%clk 0:33:18]} 18. Nxe5 {[%clk 0:45:01]}  Bxe5 {[%clk 0:30:46]} 19. Bxe5 {[%clk 0:44:35]}  dxe5 {[%clk 0:31:15]} 20. Qe3 {[%clk 0:40:07]}  Rfd8 {[%clk 0:30:22]} 21. Rbd1 {[%clk 0:37:29]}  Bc6 {[%clk 0:29:29]} 22. g3 {[%clk 0:33:14]}  Be8 {[%clk 0:27:55]} 23. f4 {[%clk 0:30:33]}  b5 {[%clk 0:27:54]} 24. cxb5 {[%clk 0:23:08]}  axb5 {[%clk 0:27:56]} 25. Rd2 {[%clk 0:23:09]}  f6 {[%clk 0:16:04]} 26. Rc1 {[%clk 0:21:13]}  Qd6 {[%clk 0:13:46]} 27. Ne2 {[%clk 0:20:26]}  Bh5 {[%clk 0:13:57]} 28. g4 {[%clk 0:20:15]}  Bf7 {[%clk 0:11:33]} 29. Kf2 {[%clk 0:18:03]}  c4 {[%clk 0:06:43]} 30. d4 {[%clk 0:17:26]}  exf4 {[%clk 0:06:47]} 31. Qxf4 {[%clk 0:17:43]}  e5 {[%clk 0:07:07]} 32. Qg3 {[%clk 0:16:56]}  Bg6 {[%clk 0:07:10]} 33. Rcd1 {[%clk 0:12:10]}  Bxe4 {[%clk 0:05:33]} 34. dxe5 {[%clk 0:12:02]}  Qc5+ {[%clk 0:05:36]} 35. Qe3 {[%clk 0:11:32]}  Rxd2 {[%clk 0:03:44]} 36. Rxd2 {[%clk 0:11:55]}  Qxe5 {[%clk 0:04:05]} 37. Rd4 {[%clk 0:10:21]}  Qh2+ {[%clk 0:04:16]} 38. Ke1 {[%clk 0:10:49]}  Bg6 {[%clk 0:04:09]} 39. Qg3 {[%clk 0:09:40]}  Qh1+ {[%clk 0:02:04]} 40. Kd2 {[%clk 0:10:08]}  Re8 {[%clk 0:01:18]} 41. h4 {[%clk 0:07:30]}  Qb1 {[%clk 0:28:59]} 42. Qc3 {[%clk 0:36:19]}  Qf1 {[%clk 0:29:09]} 0-1

[Event "45th FIDE Chess Olympiad Open"]
[Site "Budapest, Hungary"]
[Date "2024.09.22"]
[Round "11"]
[White "Amilal Munkhdalai"]
[Black "Jimenez Jimenez, Leandro"]
[Result "1-0"]
[Board "151"]
[WhiteFideId "4903250"]
[BlackFideId "6415253"]
[WhiteTitle "IM"]
[BlackTitle "FM"]
[WhiteElo "2374"]
[BlackElo "2188"]
[WhiteTeam "Mongolia"]
[BlackTeam "Dominican Republic"]
[WhiteClock "0:05:09"]
[BlackClock "0:08:44"]
[Variant "Standard"]

1. e4 {[%clk 1:30:58]}  e5 {[%clk 1:29:39]} 2. Nf3 {[%clk 1:31:23]}  Nf6 {[%clk 1:30:04]} 3. d4 {[%clk 1:28:22]}  Nxe4 {[%clk 1:26:40]} 4. Bd3 {[%clk 1:28:45]}  d5 {[%clk 1:27:01]} 5. dxe5 {[%clk 1:29:11]}  Nc6 {[%clk 1:23:12]} 6. O-O {[%clk 1:22:29]}  Bg4 {[%clk 1:17:41]} 7. Nc3 {[%clk 1:13:02]}  Nxc3 {[%clk 1:09:20]} 8. bxc3 {[%clk 1:13:26]}  Be7 {[%clk 1:09:20]} 9. Re1 {[%clk 1:08:48]}  O-O {[%clk 1:08:50]} 10. h3 {[%clk 1:07:12]}  Bh5 {[%clk 1:07:30]} 11. g4 {[%clk 0:59:10]}  Bg6 {[%clk 1:07:27]} 12. Rb1 {[%clk 0:59:20]}  Rb8 {[%clk 0:49:25]} 13. Bxg6 {[%clk 0:50:54]}  hxg6 {[%clk 0:48:53]} 14. Rb5 {[%clk 0:50:53]}  Qc8 {[%clk 0:45:48]} 15. Rxd5 {[%clk 0:51:06]}  Qe6 {[%clk 0:45:53]} 16. Ng5 {[%clk 0:27:12]}  Bxg5 {[%clk 0:45:42]} 17. Bxg5 {[%clk 0:27:41]}  Rfe8 {[%clk 0:38:05]} 18. Re3 {[%clk 0:26:54]}  b5 {[%clk 0:33:59]} 19. Qd3 {[%clk 0:15:10]}  Na5 {[%clk 0:32:56]} 20. f4 {[%clk 0:09:56]}  Nc4 {[%clk 0:32:53]} 21. Re2 {[%clk 0:08:17]}  f6 {[%clk 0:29:01]} 22. Bxf6 {[%clk 0:06:34]}  Nb6 {[%clk 0:21:32]} 23. Rc5 {[%clk 0:05:21]}  Nd7 {[%clk 0:12:41]} 24. Qxg6 {[%clk 0:04:35]}  Re7 {[%clk 0:12:38]} 25. f5 {[%clk 0:04:14]}  Qb6 {[%clk 0:07:29]} 26. Bxe7 {[%clk 0:04:31]}  Nxc5 {[%clk 0:07:53]} 27. Qxb6 {[%clk 0:04:47]}  axb6 {[%clk 0:08:18]} 28. Bxc5 {[%clk 0:05:09]}  bxc5 {[%clk 0:08:44]} 1-0

[Event "45th FIDE Chess Olympiad Open"]
[Site "Budapest, Hungary"]
[Date "2024.09.22"]
[Round "11"]
[White "Mendez Ramirez, Victor"]
[Black "Itgelt, Khuyagtsogt"]
[Result "0-1"]
[Board "152"]
[WhiteFideId "6419690"]
[BlackFideId "4902912"]
[WhiteTitle "FM"]
[BlackTitle "FM"]
[WhiteElo "2191"]
[BlackElo "2412"]
[WhiteTeam "Dominican Republic"]
[BlackTeam "Mongolia"]
[WhiteClock "0:08:33"]
[BlackClock "0:23:23"]
[Variant "Standard"]

1. d4 {[%clk 1:30:55]}  Nf6 {[%clk 1:27:02]} 2. c4 {[%clk 1:31:18]}  e6 {[%clk 1:27:05]} 3. g3 {[%clk 1:31:38]}  d5 {[%clk 1:26:49]} 4. Bg2 {[%clk 1:31:54]}  Bb4+ {[%clk 1:26:00]} 5. Bd2 {[%clk 1:32:11]}  Be7 {[%clk 1:24:04]} 6. Nf3 {[%clk 1:32:35]}  O-O {[%clk 1:24:27]} 7. O-O {[%clk 1:32:58]}  c6 {[%clk 1:24:03]} 8. Qc2 {[%clk 1:32:52]}  a5 {[%clk 1:23:43]} 9. Bf4 {[%clk 1:24:24]}  Nbd7 {[%clk 1:16:11]} 10. Rd1 {[%clk 1:19:57]}  a4 {[%clk 1:15:18]} 11. Nc3 {[%clk 1:08:31]}  dxc4 {[%clk 1:14:49]} 12. e4 {[%clk 1:08:28]}  Qa5 {[%clk 1:10:18]} 13. a3 {[%clk 0:51:25]}  h6 {[%clk 1:06:43]} 14. Rac1 {[%clk 0:49:03]}  Re8 {[%clk 1:05:56]} 15. Qe2 {[%clk 0:43:20]}  b5 {[%clk 0:58:46]} 16. h4 {[%clk 0:41:21]}  Bb7 {[%clk 0:56:31]} 17. Bd2 {[%clk 0:39:38]}  Qb6 {[%clk 0:55:06]} 18. Be3 {[%clk 0:33:59]}  c5 {[%clk 0:41:48]} 19. d5 {[%clk 0:34:15]}  exd5 {[%clk 0:41:19]} 20. Nxd5 {[%clk 0:33:44]}  Nxd5 {[%clk 0:40:13]} 21. exd5 {[%clk 0:34:12]}  Nf6 {[%clk 0:39:05]} 22. Ne5 {[%clk 0:29:37]}  Bf8 {[%clk 0:39:02]} 23. Ng4 {[%clk 0:29:00]}  Rad8 {[%clk 0:34:41]} 24. Nxf6+ {[%clk 0:27:10]}  Qxf6 {[%clk 0:34:59]} 25. Qd2 {[%clk 0:23:33]}  Bd6 {[%clk 0:29:39]} 26. Rc2 {[%clk 0:23:47]}  Bc8 {[%clk 0:28:56]} 27. Re1 {[%clk 0:18:41]}  Bf5 {[%clk 0:28:45]} 28. Rc3 {[%clk 0:17:43]}  Bd3 {[%clk 0:27:15]} 29. Bf1 {[%clk 0:16:25]}  Bxf1 {[%clk 0:23:12]} 30. Rxf1 {[%clk 0:16:48]}  Be5 {[%clk 0:23:30]} 31. Bxc5 {[%clk 0:15:54]}  Bxc3 {[%clk 0:23:42]} 32. bxc3 {[%clk 0:16:20]}  Qf5 {[%clk 0:23:30]} 33. Re1 {[%clk 0:09:32]}  Rxe1+ {[%clk 0:23:33]} 34. Qxe1 {[%clk 0:10:00]}  Rxd5 {[%clk 0:23:12]} 35. Bb4 {[%clk 0:08:33]}  Qf3 {[%clk 0:23:23]} 0-1

[Event "45th FIDE Chess Olympiad Open"]
[Site "Budapest, Hungary"]
[Date "2024.09.22"]
[Round "11"]
[White "Baburin, Alexander"]
[Black "Khoder, Akram"]
[Result "1-0"]
[Board "153"]
[WhiteFideId "2500914"]
[BlackFideId "5306914"]
[WhiteTitle "GM"]
[BlackTitle "FM"]
[WhiteElo "2376"]
[BlackElo "2239"]
[WhiteTeam "Ireland"]
[BlackTeam "Lebanon"]
[WhiteClock "0:07:47"]
[BlackClock "0:27:40"]
[Variant "Standard"]

1. d4 {[%clk 1:30:58]}  Nf6 {[%clk 1:30:45]} 2. c4 {[%clk 1:31:07]}  g6 {[%clk 1:31:02]} 3. Nf3 {[%clk 1:31:25]}  Bg7 {[%clk 1:31:22]} 4. g3 {[%clk 1:31:14]}  d5 {[%clk 1:31:24]} 5. cxd5 {[%clk 1:31:17]}  Nxd5 {[%clk 1:31:43]} 6. Bg2 {[%clk 1:31:41]}  Nb6 {[%clk 1:31:59]} 7. O-O {[%clk 1:31:20]}  Nc6 {[%clk 1:32:11]} 8. e3 {[%clk 1:31:22]}  O-O {[%clk 1:32:02]} 9. Nc3 {[%clk 1:31:41]}  Re8 {[%clk 1:32:17]} 10. b3 {[%clk 1:22:03]}  e5 {[%clk 1:12:27]} 11. Nxe5 {[%clk 1:20:13]}  Nxe5 {[%clk 1:12:30]} 12. dxe5 {[%clk 1:20:34]}  Bxe5 {[%clk 1:12:38]} 13. Bb2 {[%clk 1:20:03]}  c6 {[%clk 1:10:32]} 14. Qc2 {[%clk 1:16:41]}  Qe7 {[%clk 1:09:49]} 15. Rad1 {[%clk 1:15:11]}  a5 {[%clk 1:09:43]} 16. f4 {[%clk 1:01:34]}  Bg7 {[%clk 1:03:00]} 17. e4 {[%clk 1:00:54]}  a4 {[%clk 0:47:03]} 18. f5 {[%clk 0:39:31]}  axb3 {[%clk 0:41:10]} 19. axb3 {[%clk 0:39:50]}  Qc5+ {[%clk 0:25:04]} 20. Qf2 {[%clk 0:23:23]}  Nd7 {[%clk 0:21:29]} 21. Na4 {[%clk 0:20:17]}  Qxf2+ {[%clk 0:20:03]} 22. Rxf2 {[%clk 0:20:34]}  b5 {[%clk 0:18:30]} 23. Nc3 {[%clk 0:16:48]}  Be5 {[%clk 0:10:06]} 24. g4 {[%clk 0:14:21]}  Nc5 {[%clk 0:09:52]} 25. b4 {[%clk 0:13:23]}  Nd7 {[%clk 0:06:23]} 26. Nb1 {[%clk 0:11:35]}  Bxb2 {[%clk 0:06:18]} 27. Rxb2 {[%clk 0:11:58]}  Ne5 {[%clk 0:06:47]} 28. h3 {[%clk 0:10:29]}  Nc4 {[%clk 0:04:51]} 29. Rb3 {[%clk 0:10:38]}  Ra2 {[%clk 0:03:26]} 30. e5 {[%clk 0:06:46]}  Kg7 {[%clk 0:01:41]} 31. Bxc6 {[%clk 0:04:56]}  Rxe5 {[%clk 0:02:06]} 32. Nc3 {[%clk 0:05:08]}  Rc2 {[%clk 0:02:05]} 33. Nxb5 {[%clk 0:03:41]}  Ne3 {[%clk 0:00:36]} 34. Nd4 {[%clk 0:03:25]}  Rc4 {[%clk 0:00:36]} 35. Rdd3 {[%clk 0:02:54]}  Rc1+ {[%clk 0:00:33]} 36. Kh2 {[%clk 0:01:51]}  Nf1+ {[%clk 0:00:34]} 37. Kg2 {[%clk 0:02:16]}  gxf5 {[%clk 0:00:44]} 38. gxf5 {[%clk 0:02:00]}  Kf6 {[%clk 0:00:34]} 39. b5 {[%clk 0:01:53]}  Rce1 {[%clk 0:00:42]} 40. Kf2 {[%clk 0:01:24]}  Bxf5 {[%clk 0:00:32]} 41. Rf3 {[%clk 0:27:06]}  Nd2 {[%clk 0:30:33]} 42. Rxf5+ {[%clk 0:20:04]}  Rxf5+ {[%clk 0:31:00]} 43. Kxe1 {[%clk 0:19:25]}  Nxb3 {[%clk 0:31:25]} 44. Nxb3 {[%clk 0:19:32]}  Ke7 {[%clk 0:31:44]} 45. b6 {[%clk 0:16:59]}  Kd6 {[%clk 0:31:35]} 46. b7 {[%clk 0:17:09]}  Kc7 {[%clk 0:31:48]} 47. Bg2 {[%clk 0:17:08]}  Rb5 {[%clk 0:31:11]} 48. Nd4 {[%clk 0:13:27]}  Rb2 {[%clk 0:31:22]} 49. Kf1 {[%clk 0:12:21]}  Rb4 {[%clk 0:31:20]} 50. Ne2 {[%clk 0:11:08]}  Rb6 {[%clk 0:29:36]} 51. Kf2 {[%clk 0:11:03]}  Rf6+ {[%clk 0:29:53]} 52. Bf3 {[%clk 0:11:13]}  Rb6 {[%clk 0:29:18]} 53. Nf4 {[%clk 0:11:07]}  Rb2+ {[%clk 0:29:40]} 54. Kg3 {[%clk 0:11:27]}  Kd6 {[%clk 0:30:04]} 55. Nd3 {[%clk 0:10:41]}  Rb5 {[%clk 0:30:04]} 56. Kf4 {[%clk 0:10:47]}  f6 {[%clk 0:29:27]} 57. Nf2 {[%clk 0:09:04]}  f5 {[%clk 0:28:54]} 58. Nd3 {[%clk 0:07:59]}  Ke6 {[%clk 0:27:40]} 59. Nc5+ {[%clk 0:07:47]} 1-0

[Event "45th FIDE Chess Olympiad Open"]
[Site "Budapest, Hungary"]
[Date "2024.09.22"]
[Round "11"]
[White "Arkadan, Adib"]
[Black "Kanyamarala, Tarun"]
[Result "0-1"]
[Board "154"]
[WhiteFideId "5304946"]
[BlackFideId "45004714"]
[BlackTitle "IM"]
[WhiteElo "2181"]
[BlackElo "2361"]
[WhiteTeam "Lebanon"]
[BlackTeam "Ireland"]
[WhiteClock "0:16:42"]
[BlackClock "0:03:45"]
[Variant "Standard"]

1. d4 {[%clk 1:30:44]}  Nf6 {[%clk 1:30:44]} 2. c4 {[%clk 1:31:05]}  e5 {[%clk 1:30:47]} 3. dxe5 {[%clk 1:31:29]}  Ng4 {[%clk 1:30:56]} 4. e4 {[%clk 1:30:22]}  Nxe5 {[%clk 1:31:08]} 5. f4 {[%clk 1:30:39]}  Nec6 {[%clk 1:31:14]} 6. Nf3 {[%clk 1:30:25]}  Bc5 {[%clk 1:30:14]} 7. Bd3 {[%clk 1:24:48]}  d6 {[%clk 1:28:13]} 8. Nc3 {[%clk 1:22:09]}  a5 {[%clk 1:26:09]} 9. Nd5 {[%clk 1:18:54]}  O-O {[%clk 1:13:10]} 10. Be3 {[%clk 1:18:06]}  Na6 {[%clk 1:06:46]} 11. Qd2 {[%clk 1:14:42]}  Ncb4 {[%clk 1:01:45]} 12. O-O {[%clk 1:05:39]}  Nxd3 {[%clk 0:58:59]} 13. Qxd3 {[%clk 1:06:03]}  c6 {[%clk 0:59:17]} 14. Nc3 {[%clk 1:04:20]}  Nb4 {[%clk 0:58:53]} 15. Qe2 {[%clk 1:04:41]}  Bxe3+ {[%clk 0:58:56]} 16. Qxe3 {[%clk 1:05:09]}  Nc2 {[%clk 0:59:12]} 17. Qd2 {[%clk 1:05:31]}  Nxa1 {[%clk 0:59:16]} 18. Rxa1 {[%clk 1:05:58]}  f5 {[%clk 0:51:51]} 19. Re1 {[%clk 1:01:21]}  a4 {[%clk 0:46:30]} 20. Kh1 {[%clk 1:01:00]}  Ra5 {[%clk 0:44:50]} 21. h3 {[%clk 0:59:21]}  Re8 {[%clk 0:39:15]} 22. Nd4 {[%clk 0:52:23]}  Bd7 {[%clk 0:30:54]} 23. exf5 {[%clk 0:48:19]}  Rxe1+ {[%clk 0:25:32]} 24. Qxe1 {[%clk 0:48:48]}  Bxf5 {[%clk 0:17:48]} 25. Ncb5 {[%clk 0:24:54]}  cxb5 {[%clk 0:12:03]} 26. Nxf5 {[%clk 0:25:17]}  Ra8 {[%clk 0:08:54]} 27. Qe4 {[%clk 0:20:05]}  Qd7 {[%clk 0:04:58]} 28. Qd5+ {[%clk 0:18:37]}  Qf7 {[%clk 0:05:06]} 29. Qxb5 {[%clk 0:18:28]}  Rf8 {[%clk 0:03:41]} 30. Nxd6 {[%clk 0:17:35]}  Qxf4 {[%clk 0:04:01]} 31. Qd5+ {[%clk 0:17:53]}  Kh8 {[%clk 0:04:25]} 32. b3 {[%clk 0:16:50]}  a3 {[%clk 0:03:38]} 33. Nxb7 {[%clk 0:17:02]}  Qg3 {[%clk 0:03:34]} 34. Kg1 {[%clk 0:16:42]}  Re8 {[%clk 0:03:45]} 0-1

[Event "45th FIDE Chess Olympiad Open"]
[Site "Budapest, Hungary"]
[Date "2024.09.22"]
[Round "11"]
[White "O`Gorman, Tom"]
[Black "Assaad, Joe"]
[Result "1-0"]
[Board "155"]
[WhiteFideId "2508249"]
[BlackFideId "5310504"]
[WhiteTitle "FM"]
[WhiteElo "2353"]
[BlackElo "2150"]
[WhiteTeam "Ireland"]
[BlackTeam "Lebanon"]
[WhiteClock "0:52:52"]
[BlackClock "0:00:44"]
[Variant "Standard"]

1. Nf3 {[%clk 1:30:55]}  d5 {[%clk 1:30:19]} 2. e3 {[%clk 1:31:17]}  c5 {[%clk 1:29:56]} 3. b3 {[%clk 1:30:48]}  Nc6 {[%clk 1:30:05]} 4. Bb2 {[%clk 1:31:03]}  Nf6 {[%clk 1:29:37]} 5. Bb5 {[%clk 1:30:17]}  Bd7 {[%clk 1:27:15]} 6. O-O {[%clk 1:29:46]}  e6 {[%clk 1:27:17]} 7. d4 {[%clk 1:29:45]}  a6 {[%clk 1:22:24]} 8. Bd3 {[%clk 1:29:57]}  Rc8 {[%clk 1:15:39]} 9. a3 {[%clk 1:29:54]}  Bd6 {[%clk 0:56:07]} 10. Nbd2 {[%clk 1:29:33]}  O-O {[%clk 0:55:53]} 11. Qe2 {[%clk 1:27:41]}  Re8 {[%clk 0:50:38]} 12. dxc5 {[%clk 1:25:38]}  Bxc5 {[%clk 0:51:04]} 13. c4 {[%clk 1:25:42]}  e5 {[%clk 0:38:32]} 14. cxd5 {[%clk 1:25:12]}  Nxd5 {[%clk 0:38:58]} 15. Rfd1 {[%clk 1:23:41]}  Nf6 {[%clk 0:03:40]} 16. Ne4 {[%clk 1:18:26]}  Qe7 {[%clk 0:03:28]} 17. Nxf6+ {[%clk 1:13:12]}  gxf6 {[%clk 0:03:56]} 18. Be4 {[%clk 1:12:38]}  Bg4 {[%clk 0:01:32]} 19. h3 {[%clk 1:12:12]}  Bh5 {[%clk 0:01:40]} 20. b4 {[%clk 1:11:35]}  Ba7 {[%clk 0:01:52]} 21. Rac1 {[%clk 1:10:47]}  Nb8 {[%clk 0:00:43]} 22. Qd3 {[%clk 1:09:02]}  Bg6 {[%clk 0:00:59]} 23. Nh4 {[%clk 1:08:44]}  Rcd8 {[%clk 0:00:46]} 24. Qc2 {[%clk 1:08:03]}  Bb6 {[%clk 0:00:33]} 25. Nf5 {[%clk 1:07:48]}  Qe6 {[%clk 0:00:34]} 26. g4 {[%clk 1:07:34]}  Nc6 {[%clk 0:00:31]} 27. Bd3 {[%clk 0:53:42]}  Rc8 {[%clk 0:00:31]} 28. Qe2 {[%clk 0:52:29]}  Bxf5 {[%clk 0:00:39]} 29. Bxf5 {[%clk 0:52:47]}  Qe7 {[%clk 0:00:44]} 30. Rd7 {[%clk 0:52:50]}  Qf8 {[%clk 0:00:44]} 31. Rxb7 {[%clk 0:52:52]} 1-0

[Event "45th FIDE Chess Olympiad Open"]
[Site "Budapest, Hungary"]
[Date "2024.09.22"]
[Round "11"]
[White "Manon, Reja Neer"]
[Black "Lee, Junhyeok"]
[Result "1/2-1/2"]
[Board "157"]
[WhiteFideId "10224009"]
[BlackFideId "13202340"]
[WhiteTitle "FM"]
[BlackTitle "IM"]
[WhiteElo "2417"]
[BlackElo "2364"]
[WhiteTeam "Bangladesh"]
[BlackTeam "South Korea"]
[WhiteClock "0:14:32"]
[BlackClock "0:20:56"]
[Variant "Standard"]

1. e4 {[%clk 1:30:51]}  c5 {[%clk 1:30:50]} 2. Nf3 {[%clk 1:30:41]}  d6 {[%clk 1:31:14]} 3. d4 {[%clk 1:28:55]}  cxd4 {[%clk 1:31:38]} 4. Nxd4 {[%clk 1:29:15]}  Nf6 {[%clk 1:32:03]} 5. f3 {[%clk 1:29:14]}  e5 {[%clk 1:31:38]} 6. Nb3 {[%clk 1:27:15]}  Be6 {[%clk 1:31:57]} 7. c4 {[%clk 1:27:39]}  Nbd7 {[%clk 1:32:19]} 8. Be3 {[%clk 1:28:02]}  Rc8 {[%clk 1:32:42]} 9. Nc3 {[%clk 1:28:26]}  Bxc4 {[%clk 1:32:57]} 10. Bxc4 {[%clk 1:28:43]}  Rxc4 {[%clk 1:33:23]} 11. Qd3 {[%clk 1:29:05]}  Rc8 {[%clk 1:32:56]} 12. Bxa7 {[%clk 1:29:29]}  b6 {[%clk 1:32:05]} 13. O-O {[%clk 1:29:54]}  d5 {[%clk 1:29:51]} 14. exd5 {[%clk 1:30:17]}  Bb4 {[%clk 1:29:14]} 15. Nb5 {[%clk 1:30:45]}  O-O {[%clk 1:27:07]} 16. d6 {[%clk 1:31:05]}  Nh5 {[%clk 1:26:43]} 17. Qe4 {[%clk 1:06:53]}  Bc5+ {[%clk 1:22:17]} 18. Nxc5 {[%clk 1:06:29]}  Rxc5 {[%clk 1:22:23]} 19. a4 {[%clk 1:06:47]}  Nf4 {[%clk 0:53:18]} 20. g3 {[%clk 0:45:07]}  Nh3+ {[%clk 0:46:51]} 21. Kh1 {[%clk 0:27:26]}  Ng5 {[%clk 0:44:39]} 22. Qe3 {[%clk 0:23:51]}  e4 {[%clk 0:43:07]} 23. b4 {[%clk 0:06:16]}  Rc4 {[%clk 0:39:16]} 24. Rfc1 {[%clk 0:03:52]}  Rxb4 {[%clk 0:30:28]} 25. Qc3 {[%clk 0:04:16]}  Rxb5 {[%clk 0:29:37]} 26. axb5 {[%clk 0:04:45]}  Nxf3 {[%clk 0:28:51]} 27. Qc7 {[%clk 0:01:41]}  Qe8 {[%clk 0:28:27]} 28. Bxb6 {[%clk 0:01:23]}  Qe6 {[%clk 0:19:01]} 29. Be3 {[%clk 0:00:49]}  h5 {[%clk 0:17:03]} 30. Rc2 {[%clk 0:00:33]}  h4 {[%clk 0:15:57]} 31. gxh4 {[%clk 0:00:45]}  Qb3 {[%clk 0:13:22]} 32. Rg2 {[%clk 0:00:32]}  Nxh4 {[%clk 0:12:12]} 33. Re2 {[%clk 0:00:33]}  Qxb5 {[%clk 0:12:25]} 34. Rf2 {[%clk 0:00:38]}  Nf3 {[%clk 0:11:48]} 35. Qc3 {[%clk 0:00:43]}  Nde5 {[%clk 0:11:13]} 36. Rg2 {[%clk 0:00:44]}  g6 {[%clk 0:05:02]} 37. Ra5 {[%clk 0:00:39]}  Qf1+ {[%clk 0:03:14]} 38. Bg1 {[%clk 0:01:08]}  Nd3 {[%clk 0:02:23]} 39. Ra1 {[%clk 0:01:16]}  Nfe1 {[%clk 0:02:08]} 40. Rxe1 {[%clk 0:00:43]}  Qxe1 {[%clk 0:01:49]} 41. Qf6 {[%clk 0:01:12]}  e3 {[%clk 0:29:30]} 42. h4 {[%clk 0:14:42]}  Nf2+ {[%clk 0:20:10]} 43. Kh2 {[%clk 0:13:41]}  Ne4 {[%clk 0:18:40]} 44. Rxg6+ {[%clk 0:13:52]}  fxg6 {[%clk 0:19:06]} 45. Qxg6+ {[%clk 0:14:18]}  Kh8 {[%clk 0:19:33]} 46. Qh6+ {[%clk 0:14:44]}  Kg8 {[%clk 0:20:01]} 47. Qg6+ {[%clk 0:15:09]}  Kh8 {[%clk 0:20:29]} 48. Qh6+ {[%clk 0:14:26]}  Kg8 {[%clk 0:20:56]} 49. Qg6+ {[%clk 0:14:32]} 1/2-1/2